Регионална библиотека "Любен Каравелов" - Русе

Св. св. Кирил и Методий (Запис номер 395054)

MARC детайли
000 -Лидер
Контролно поле с фиксирана дължина 01785nam a2200289 c 4500
003 - Код на организацията, давaща контролен номер
Контролно поле BLK
005 - Дата и час на последна редакция
Контролно поле 20250219163919.0
008 - Елементи от данни с фиксирана дължина
fixed length control field 200315b bul|||||r ||||||| ||bul||
040 ## - Източник на каталожния запис
Идентификатор на билиотеката - собственик на записа BLK
041 ## - Код за език
Код за езика на текст/звукозапис или на отделно заглавие Български
Код за езика КДБФ Български
080 ## - УДК
Текстов определител УДК Византийски учен. Заедно с брат си Методий е създателят на глаголицата, славянски християнски просветител. Канонизиран за светец и равноапостол
УДК код - определител по УДК 929 Константин Кирил Философ, св.
УДК - код + определител 929 Константин Кирил Философ, св.
080 ## - УДК
Текстов определител УДК Византийски политически и културен деятел, Заедно с брат си Кирил е създателят на глаголицата, славянски християнски просветител. Канонизиран за светец и равноапостол
УДК код - определител по УДК 929 Методий, слав. първоучител, св.
УДК - код + определител 929 Методий, слав. първоучител, св.
139 ## - Редно поле
Редна дума Св. св. Кирил и Методий
245 10 - Сведения за заглавието
Заглавие Св. св. Кирил и Методий
Подзаглавни данни 24/11 май 1921 г. : [Сборник]
257 ## - Страна на издаване
Страна на създаване/издаване България
260 ## - Област на издателските данни
Място на издаване, разпространение и проч. София
Име на издателя, разпространителя и проч. М-во на нар. просвещение
Година на издаване 1921
Печатница София : Държ. печ.
300 ## - Физическа характеристика
Страници 29 с.
Илюстрации и др. с ил.
Размери/Мащаб 37 см
380 ## - Жанр
Жанр История
500 ## - Общи забележки
Забележка (Цена в кумул.) : 5 лв.
600 #0 - Име на лице, използвано като предмет
За него / За нея Кирил, славянски първоучител
9 (RLIN) 272832
600 #0 - Име на лице, използвано като предмет
За него / За нея Методий, слав. първоучител
9 (RLIN) 251014
852 ## - Местоположение
Форматна сигнатура Цб ІІ 1242
Фондова буква Хранилище
856 4# - Електронен адрес и достъп
Електронен формат pdf - файл
Път до файла /url/
856 4# - Електронен адрес и достъп
Електронен формат pdf - файл
Път до файла /url/
999 ## - СИСТЕМНИ КОНТРОЛНИ НОМЕРА
Koha biblionumber 395054
Koha biblioitemnumber 395054
942 ## - АРТИКУЛИ
Вид на библиотечния материал Книги
Скрит в OPAC Не
Периодичен библиозапис Да
944 ## - СЪЗДАВАНЕ И РЕДАКЦИЯ на ЗАПИСА
Създаване/Редакция Създаване
Дата на регистрацията/редакция 2021-01-21
Служител, извършил регистрацията/редакцията 30560
Статус, дата на статуса Геновева Генчева
Наличности
Код за отписване Код за изгубен артикул Източник на класификационната схема Код за повреда Коз за рестрикции Код за отдаване Артикулен № Име на библиотеката - собственик Име на библиотеката, в която се намира в момента Статус (Текущо местоположение) Дата на вписване в системата Местоположение - отдел Цена в лева Инвентарен номер Систематично азбучна сигнатура Баркод Цена в евро Служебен тип на артикула
  Не е изгубен Universal Decimal Classification Не е повреден само за читалня ползва се в читалня 808102 Регионална библиотека "Любен Каравелов" Русе Регионална библиотека "Любен Каравелов" Русе Основен фонд - ползва се само за читалня 2021-01-21 Хранилище 0.06 10620/58 Цб ІІ 1242 900000037242 0.03 Книги
Vip Innovations Ltd, Rousse, Bulgaria 2025